000 00492nam a2200169Ia 4500
999 _c6017
_d6017
020 _a813160120X
082 _aRR 923.254 PAN-U
100 _aPandey, Upasana
245 0 _aUttar-adhuniktavaad aur Gandhi
260 _aJaipur
_bRawat Publications
_c2007
300 _a287
504 _aIncludes bibliography
650 _aGandhi, Mohandas karamchand
_vBiography
650 _aGandhi, Mohandas karamchand
_vPhilosophy
650 _aGandhi, Mohandas Karamchand
_vViewes on Ahimsha
942 _cBK